ESSENTIALS OF PHARMACEUTICAL BIOCHEMISTRY (INCLUDING PRACTICAL) (Record no. 6096)

MARC details
000 -LEADER
fixed length control field 00480nam a22001817a 4500
005 - DATE AND TIME OF LATEST TRANSACTION
control field 20200314153309.0
008 - FIXED-LENGTH DATA ELEMENTS--GENERAL INFORMATION
fixed length control field 200314b xxu||||| |||| 00| 0 eng d
020 ## - INTERNATIONAL STANDARD BOOK NUMBER
ISBN 9789386978580
041 ## - LANGUAGE CODE
Language code of text/sound track or separate title eng
082 ## - DEWEY DECIMAL CLASSIFICATION NUMBER
Classification number 616.07
100 ## - MAIN ENTRY--AUTHOR NAME
Personal name LAL HARBANS
245 ## - TITLE STATEMENT
Title ESSENTIALS OF PHARMACEUTICAL BIOCHEMISTRY (INCLUDING PRACTICAL)
250 ## - EDITION STATEMENT
Edition statement 2'ND
260 ## - PUBLICATION, DISTRIBUTION, ETC. (IMPRINT)
Place of publication NEW DELHI
Name of publisher CBC PUBLISHERS AND PUBLICATION
Year of publication 2019
300 ## - PHYSICAL DESCRIPTION
Number of Pages 311, V
650 ## - SUBJECT ADDED ENTRY--TOPICAL TERM
Topical Term PHARMACY
942 ## - ADDED ENTRY ELEMENTS (KOHA)
Koha item type Books
Holdings
Lost status Damaged status Home library Current library Date acquired Source of acquisition Cost, normal purchase price Full call number Koha item type
    JRU Library   14/03/2020 PURCHASE 325.00 616.07 Books
    JRU Library   14/03/2020 PURCHASE 325.00 616.07 Books